| 000 | 00813cam a2200229 a 4500 | ||
|---|---|---|---|
| 001 | 000010556 | ||
| 005 | 20200929162241.0 | ||
| 008 | 871124s1986 nq a 001 p spa | ||
| 040 |
_aDO-SdBNP _cDLC _dDLC |
||
| 050 | 0 | 0 |
_aPQ7513 _b.P36 1986 |
| 082 |
_annn _bP195 |
||
| 245 | 0 | 0 |
_aPanorámica de la literatura joven de Nicaragua. / _cedición ; Mario Hernández Silva. |
| 260 |
_aManagua : _bUnión de Escritores ASTC, _c1986. |
||
| 300 |
_a95 p. : _bil. ; _c20 cm. |
||
| 500 | _aTítulo de la cubierta: Literatura Joven de Nicaragua. | ||
| 650 | 0 |
_aNicaraguan literature _y20th century. _925617 |
|
| 700 | 1 |
_aHernández Silva, Mario _eed. _925618 |
|
| 710 | 2 |
_aUnion de Escritores ASTC (Nicaragua) _925619 |
|
| 740 | 0 | _aLiteratura joven de Nicaragua. | |
| 910 | _aCatalogación por copia / LC | ||
| 049 | _aBNGR | ||
| 999 |
_c10314 _d10314 |
||